|
|
|
|
| LEADER |
01830nam a2200433 i 4500 |
| 001 |
EBC3567973 |
| 003 |
MiAaPQ |
| 005 |
20200520144314.0 |
| 006 |
m o d | |
| 007 |
cr cnu|||||||| |
| 008 |
150814t20152015sz ob 001 0 eng d |
| 020 |
|
|
|z 9783319155753
|
| 020 |
|
|
|a 9783319155760 (e-book)
|
| 035 |
|
|
|a (MiAaPQ)EBC3567973
|
| 035 |
|
|
|a (Au-PeEL)EBL3567973
|
| 035 |
|
|
|a (CaPaEBR)ebr11084676
|
| 035 |
|
|
|a (CaONFJC)MIL818815
|
| 035 |
|
|
|a (OCoLC)915343744
|
| 040 |
|
|
|a MiAaPQ
|b eng
|e rda
|e pn
|c MiAaPQ
|d MiAaPQ
|
| 043 |
|
|
|a a-cc---
|
| 050 |
|
4 |
|a HD9672.C52
|b .A677 2015
|
| 082 |
0 |
|
|a 338.4761510951
|2 23
|
| 245 |
0 |
0 |
|a Approaching China's pharmaceutical market :
|b a fundamental guide to clinical drug development /
|c Ming Q. Lu, editor.
|
| 264 |
|
1 |
|a Cham, Switzerland :
|b Springer,
|c 2015.
|
| 264 |
|
4 |
|c 2015
|
| 300 |
|
|
|a 1 online resource (657 pages)
|
| 336 |
|
|
|a text
|2 rdacontent
|
| 337 |
|
|
|a computer
|2 rdamedia
|
| 338 |
|
|
|a online resource
|2 rdacarrier
|
| 504 |
|
|
|a Includes bibliographical references at the end of each chapters and index.
|
| 588 |
|
|
|a Description based on online resource; title from PDF title page (ebrary, viewed August 14, 2015).
|
| 590 |
|
|
|a Electronic reproduction. Ann Arbor, MI : ProQuest, 2016. Available via World Wide Web. Access may be limited to ProQuest affiliated libraries.
|
| 650 |
|
0 |
|a Pharmaceutical industry
|z China.
|
| 650 |
|
0 |
|a Drug development
|z China.
|
| 655 |
|
4 |
|a Electronic books.
|
| 700 |
1 |
|
|a Lu, Ming Q.,
|e editor.
|
| 776 |
0 |
8 |
|i Print version:
|t Approaching China's pharmaceutical market : a fundamental guide to clinical drug development.
|d Cham, Switzerland : Springer, c2015
|h xvi, 648 pages
|z 9783319155753
|
| 797 |
2 |
|
|a ProQuest (Firm)
|
| 856 |
4 |
0 |
|u https://ebookcentral.proquest.com/lib/matrademy/detail.action?docID=3567973
|z Click to View
|